[Event "Helmond Rapid op"]
[Site "Helmond"]
[Date "2023.06.10"]
[Round "7"]
[White "Beeke, Bobby"]
[Black "Petrik, Matus"]
[Result "1-0"]
[WhiteElo "2216"]
[BlackElo "1690"]
[PlyCount "85"]
[EventDate "2023.06.10"]
[EventType "swiss (rapid)"]
[EventRounds "9"]
[EventCountry "NED"]
[SourceTitle "CBM 214 Extra"]
[Source "ChessBase"]
[SourceDate "2023.07.31"]
[SourceVersion "1"]
[SourceVersionDate "2023.07.31"]
[SourceQuality "1"]

1. d4 Nf6 2. Nf3 d5 3. c4 e6 4. g3 dxc4 5. Bg2 Bb4+ 6. Bd2 Bxd2+ 7. Qxd2 Nc6 8. Na3 Ne4 9. Qc2 Nd6 10. 0-0 0-0 11. e4 a6 12. Nxc4 Bd7 13. Rac1 b5 14. Ne3 Rc8 15. Rfd1 Nb4 16. Qb1 a5 17. Ne5 Be8 18. a3 Na6 19. b4 c6 20. Nd3 Qg5 21. Nc5 Nxc5 22. dxc5 Nb7 23. f4 Qe7 24. Rd3 Rd8 25. Rcd1 Rxd3 26. Qxd3 f6 27. e5 Bh5 28. g4 Rd8 29. Qe2 Rxd1+ 30. Nxd1 Be8 31. Nc3 axb4 32. axb4 Qd7 33. Qd1 Qxd1+ 34. Nxd1 fxe5 35. fxe5 Nd8 36. Nf2 Nf7 37. Nd3 g5 38. Kf2 Kf8 39. Ke3 h6 40. Kd4 Ke7 41. Nf2 Nd8 42. Ne4 Kf7 43. Nf6 1-0

[Event "Helmond Rapid op"]
[Site "Helmond"]
[Date "2023.06.10"]
[Round "4"]
[White "Warmerdam, Max"]
[Black "Beeke, Bobby"]
[Result "1-0"]
[WhiteElo "2602"]
[BlackElo "2216"]
[PlyCount "20"]
[EventDate "2023.06.10"]
[EventType "swiss (rapid)"]
[EventRounds "9"]
[EventCountry "NED"]
[SourceTitle "CBM 214 Extra"]
[Source "ChessBase"]
[SourceDate "2023.07.31"]
[SourceVersion "1"]
[SourceVersionDate "2023.07.31"]
[SourceQuality "1"]

1. Nf3 d5 2. g3 Nf6 3. Bg2 c5 4. 0-0 g6 5. c4 Bg7 6. Qa4+ Qd7 7. Qxd7+ Bxd7 8. Ne5 Be6 9. Nc3 Ne4 10. cxd5 Bc8 1-0

[Event "NED-ch blitz 5th"]
[Site "Amstelveen"]
[Date "2019.11.30"]
[Round "15"]
[White "Bosboom, Manuel"]
[Black "Beeke, Bobby"]
[Result "1-0"]
[WhiteElo "2410"]
[BlackElo "2248"]
[PlyCount "65"]
[EventDate "2019.11.30"]
[EventType "swiss (blitz)"]
[EventRounds "30"]
[EventCountry "NED"]
[SourceTitle "CBM 193 Extra"]
[Source "ChessBase"]
[SourceDate "2020.01.31"]
[SourceVersion "1"]
[SourceVersionDate "2020.01.31"]
[SourceQuality "1"]

1. c4 c6 2. Nf3 d5 3. e3 Nf6 4. b3 Bg4 5. Bb2 e6 6. d3 Nbd7 7. Nbd2 Bb4 8. Be2 0-0 9. a3 Bd6 10. h3 Bh5 11. g4 Bg6 12. h4 h5 13. gxh5 Bxh5 14. Rg1 e5 15. Qc2 Qe7 16. b4 a5 17. c5 Bc7 18. Ng5 Bxe2 19. Kxe2 d4 20. Qc4 Nd5 21. Ngf3 N7f6 22. Rg5 Nh7 23. Rg2 Kh8 24. Rag1 Rg8 25. b5 Rad8 26. Ng5 f6 27. Ngf3 f5 28. Rg6 e4 29. dxe4 fxe4 30. Ng5 dxe3 31. fxe3 cxb5 32. Qxe4 Qxe4 33. Nf7# 1-0

[Event "Karlsruhe Grenke op"]
[Site "Karlsruhe"]
[Date "2019.04.20"]
[Round "5"]
[White "Krause, Benedict"]
[Black "Beeke, Bobby"]
[Result "1-0"]
[WhiteElo "2435"]
[BlackElo "2279"]
[PlyCount "32"]
[EventDate "2019.04.18"]
[EventType "swiss"]
[EventRounds "9"]
[EventCountry "GER"]
[SourceTitle "CBM 189 Extra"]
[Source "ChessBase"]
[SourceDate "2019.06.03"]
[SourceVersion "1"]
[SourceVersionDate "2019.06.03"]
[SourceQuality "1"]

1. e4 e5 2. Nf3 Nc6 3. Bc4 Bc5 4. 0-0 Nf6 5. d3 a6 6. c3 Ba7 7. Nbd2 0-0 8. h3 d6 9. Bb3 Ne7 10. Re1 Ng6 11. Nf1 h6 12. Ng3 Be6 13. d4 Re8 14. Be3 Qc8 15. Bc2 Bd7 16. b3 c5 1-0

[Event "Pfalz op-A 9th"]
[Site "Neustadt an der Weinstrasse"]
[Date "2018.02.13"]
[Round "8"]
[White "Beeke, Bobby"]
[Black "Koelle, Tobias"]
[Result "1-0"]
[WhiteElo "2311"]
[BlackElo "2174"]
[PlyCount "143"]
[EventDate "2018.02.09"]
[EventType "swiss"]
[EventRounds "9"]
[EventCountry "GER"]
[SourceTitle "CBM 182 Extra"]
[Source "ChessBase"]
[SourceDate "2018.02.23"]
[SourceVersion "1"]
[SourceVersionDate "2018.02.23"]
[SourceQuality "1"]

1. c4 c6 2. Nf3 d5 3. g3 Nf6 4. Bg2 dxc4 5. 0-0 Nbd7 6. Qc2 Nb6 7. Na3 g6 8. Nxc4 Nxc4 9. Qxc4 Bg7 10. d3 0-0 11. Bd2 Nd5 12. Qc2 e5 13. Rab1 h6 14. b4 Be6 15. e4 Nb6 16. a4 Rc8 17. Be3 a6 18. Rfd1 Bg4 19. Rd2 Bxf3 20. Bxf3 f5 21. Bc5 Rf6 22. d4 exd4 23. Bxd4 fxe4 24. Bxe4 Kh7 25. a5 Rd6 26. Bxg6+ Rxg6 27. Bxg7 Nd5 28. Ba1 Qg5 29. Re1 Rf8 30. h4 Qf5 31. Qxf5 Rxf5 32. Bd4 Rf7 33. Bc5 Rg4 34. Rb2 Nf4 35. Rb3 Nd5 36. Kg2 Rc4 37. Re2 Rg7 38. Kh3 Rc1 39. Re4 Nf6 40. Re6 Nd5 41. Re4 Nf6 42. Rd4 Nd5 43. Rf3 Rh1+ 44. Kg2 Re1 45. Rf5 Re6 46. Kf3 Rf6 47. Rdxd5 Rgf7 48. Kg4 cxd5 49. Rxd5 Rg6+ 50. Kh5 Re6 51. g4 Rg6 52. Rd8 Rf3 53. Be3 Rgf6 54. Bd4 Rf8 55. Rd6 R3f4 56. Rxh6+ Kg8 57. Rh8+ Kf7 58. Rxf8+ Kxf8 59. Bc5+ Kg7 60. Kg5 Rf3 61. h5 Kh7 62. Kh4 Rf7 63. g5 Rf4+ 64. Kg3 Rc4 65. f4 Rc1 66. Kg4 Rc2 67. Kf5 Rh2 68. Kf6 Rxh5 69. Kf7 Kh8 70. Bd4+ Kh7 71. g6+ Kh6 72. Bg7# 1-0

[Event "Amsterdam Science Park op-A"]
[Site "Amsterdam"]
[Date "2017.07.09"]
[Round "2"]
[White "Kunin, Vitaly L"]
[Black "Beeke, Bobby"]
[Result "1-0"]
[WhiteElo "2571"]
[BlackElo "2282"]
[PlyCount "87"]
[EventDate "2017.07.08"]
[EventType "swiss"]
[EventRounds "9"]
[EventCountry "NED"]
[SourceTitle "CBM 179 Extra"]
[Source "ChessBase"]
[SourceDate "2017.08.23"]
[SourceVersion "1"]
[SourceVersionDate "2017.08.23"]
[SourceQuality "1"]

1. e4 e5 2. Nf3 Nc6 3. Be2 Nf6 4. d3 d5 5. Nbd2 Be7 6. 0-0 0-0 7. c3 Re8 8. b4 a6 9. Bb2 Bf8 10. a4 dxe4 11. dxe4 Bg4 12. h3 Bxf3 13. Bxf3 a5 14. b5 Nb8 15. Qc2 Nbd7 16. Rad1 Bc5 17. Nb3 Qe7 18. Bc1 h6 19. g3 Nb6 20. Nxc5 Qxc5 21. Be2 Rad8 22. Be3 Qe7 23. c4 Rxd1 24. Rxd1 Qa3 25. c5 Qxa4 26. Qc1 Nc8 27. f3 Ne7 28. Qb2 Ng6 29. Kf2 Nf8 30. Ra1 Qb4 31. Qa2 Nxe4+ 32. fxe4 Qxe4 33. Qb1 Qxb1 34. Rxb1 g5 35. Bg4 Ng6 36. Bd7 Ra8 37. c6 b6 38. Bc1 Ne7 39. h4 gxh4 40. gxh4 Kg7 41. Bb2 f6 42. Be6 h5 43. Rg1+ Kh7 44. Ba3 1-0

[Event "Basel op"]
[Site "Basel"]
[Date "2017.01.06"]
[Round "6"]
[White "Beeke, Bobby"]
[Black "Kevlishvili, Robby"]
[Result "0-1"]
[WhiteElo "2315"]
[BlackElo "2417"]
[PlyCount "58"]
[EventDate "2017.01.02"]
[EventType "swiss"]
[EventRounds "9"]
[EventCountry "SUI"]
[SourceTitle "CBM 176 Extra"]
[Source "ChessBase"]
[SourceDate "2017.03.02"]
[SourceVersion "1"]
[SourceVersionDate "2017.03.02"]
[SourceQuality "1"]

1. d4 Nf6 2. Nf3 g6 3. c4 Bg7 4. Nc3 0-0 5. g3 d6 6. Bg2 Nc6 7. 0-0 a6 8. d5 Na5 9. b3 c5 10. Bd2 b5 11. cxb5 axb5 12. Nxb5 Nxd5 13. Rc1 Bd7 14. Nxd6 exd6 15. Bxa5 Qxa5 16. Qxd5 Ra6 17. Rc2 Bf5 18. e4 Be6 19. Qd3 Rfa8 20. h4 h6 21. Nd2 Qb4 22. Rfc1 Rxa2 23. Qxd6 Bb2 24. Rb1 Bd4 25. Rbc1 Qxd2 26. Rxd2 Rxd2 27. Kh1 Raa2 28. Rxc5 Bxc5 29. Qxc5 Rxf2 0-1

[Event "Basel op"]
[Site "Basel"]
[Date "2017.01.03"]
[Round "3"]
[White "Xheladini, Mahmut"]
[Black "Beeke, Bobby"]
[Result "0-1"]
[WhiteElo "2171"]
[BlackElo "2315"]
[PlyCount "134"]
[EventDate "2017.01.02"]
[EventType "swiss"]
[EventRounds "9"]
[EventCountry "SUI"]
[SourceTitle "CBM 176 Extra"]
[Source "ChessBase"]
[SourceDate "2017.03.02"]
[SourceVersion "1"]
[SourceVersionDate "2017.03.02"]
[SourceQuality "1"]

1. e4 e5 2. Nf3 Nc6 3. Bb5 Nf6 4. 0-0 Nxe4 5. Re1 Nd6 6. Nxe5 Be7 7. Ba4 Nxe5 8. Rxe5 0-0 9. d4 Nc4 10. Re1 d5 11. Nd2 Nd6 12. Nf1 c6 13. c3 Bf5 14. Ng3 Bg6 15. Bc2 Qd7 16. b3 Rfe8 17. Ba3 Bf6 18. Qd2 Bxc2 19. Qxc2 g6 20. Bxd6 Qxd6 21. Re3 Rxe3 22. fxe3 Bh4 23. Nf1 Re8 24. Qd3 Qf6 25. Qc2 Re4 26. Rd1 Qe6 27. Rd3 h5 28. Qe2 Bg5 29. Kf2 Qf6+ 30. Qf3 Bxe3+ 31. Rxe3 Rf4 32. Nd2 Rxf3+ 33. Nxf3 Kf8 34. Ke2 Qf5 35. Rd3 f6 36. b4 Qe4+ 37. Kd2 Qg4 38. g3 Qh3 39. Ke3 g5 40. Rd2 h4 41. Kf2 Qf5 42. Ke3 h3 43. Rf2 Kg7 44. Rd2 Kg6 45. Rf2 Qe4+ 46. Kd2 Qb1 47. Ke3 Kh5 48. a3 Qc1+ 49. Kd3 Qxa3 50. Nd2 Qa6+ 51. Kc2 Kg6 52. g4 Qa2+ 53. Kd3 Qa1 54. Rf1 Qa6+ 55. Ke3 Qa3 56. Kd3 b5 57. Nb1 Qa2 58. Nd2 a5 59. bxa5 Qxa5 60. Nb3 Qa3 61. Rb1 Qd6 62. Rb2 Qf4 63. Na5 Qe4+ 64. Kd2 Qg2+ 65. Kc1 Qh1+ 66. Kc2 Qxh2+ 67. Kb3 Qxb2+ 0-1

[Event "Hilversum op"]
[Site "Hilversum"]
[Date "2016.06.18"]
[Round "3"]
[White "Beerdsen, Thomas"]
[Black "Beeke, Bobby"]
[Result "1-0"]
[WhiteElo "2396"]
[BlackElo "2259"]
[PlyCount "65"]
[EventDate "2016.06.17"]
[EventType "swiss"]
[EventRounds "6"]
[EventCountry "NED"]
[SourceTitle "CBM 173 Extra"]
[Source "ChessBase"]
[SourceDate "2016.08.29"]
[SourceVersion "1"]
[SourceVersionDate "2016.08.29"]
[SourceQuality "1"]

1. e4 e5 2. Nf3 Nc6 3. Bc4 Bc5 4. c3 Nf6 5. d3 a6 6. 0-0 Ba7 7. Nbd2 0-0 8. Re1 d6 9. Nf1 Na5 10. Bb3 Nxb3 11. Qxb3 Bg4 12. N1d2 Be6 13. Qxb7 Qd7 14. d4 Bxd4 15. Nxd4 exd4 16. Qb4 dxc3 17. Qxc3 Rfe8 18. b3 Nh5 19. Bb2 f6 20. Rac1 Nf4 21. Qg3 Ng6 22. f4 Bf7 23. Nf3 Rac8 24. Rcd1 a5 25. f5 Ne5 26. Nxe5 fxe5 27. Bxe5 Bh5 28. Rd2 Qf7 29. Bc3 Rcd8 30. Qh4 c6 31. g4 Qa7+ 32. Bd4 c5 33. Bc3 1-0

[Event "Dieren op"]
[Site "Dieren"]
[Date "2015.07.29"]
[Round "8"]
[White "Beeke, Bobby"]
[Black "Lentjes, Noud"]
[Result "1/2-1/2"]
[WhiteElo "2247"]
[BlackElo "2116"]
[PlyCount "57"]
[EventDate "2015.07.21"]
[EventType "swiss"]
[EventRounds "9"]
[EventCountry "NED"]
[SourceTitle "CBM 167 Extra"]
[Source "ChessBase"]
[SourceDate "2015.09.14"]
[SourceVersion "1"]
[SourceVersionDate "2015.09.14"]
[SourceQuality "1"]

1. d4 d5 2. c4 c6 3. Nf3 Nf6 4. Nbd2 Bf5 5. Nh4 Be4 6. f3 Bg6 7. Qb3 Qb6 8. Nxg6 hxg6 9. e3 e6 10. Bd3 Nbd7 11. f4 Bb4 12. c5 Bxd2+ 13. Bxd2 Qc7 14. Qc2 b6 15. b4 Ke7 16. 0-0 g5 17. cxb6 axb6 18. a4 Qd6 19. Rfc1 Rac8 20. a5 b5 21. Rf1 gxf4 22. exf4 g5 23. Rae1 gxf4 24. Rxf4 Rcg8 25. Qd1 Nh5 26. Rh4 Nhf6 27. Rf4 Nh5 28. Rh4 Nhf6 29. Rf4 1/2-1/2

[Event "Dieren op"]
[Site "Dieren"]
[Date "2015.07.27"]
[Round "6"]
[White "Beeke, Bobby"]
[Black "Bus, Tom"]
[Result "1-0"]
[WhiteElo "2247"]
[BlackElo "2153"]
[PlyCount "131"]
[EventDate "2015.07.21"]
[EventType "swiss"]
[EventRounds "9"]
[EventCountry "NED"]
[SourceTitle "CBM 167 Extra"]
[Source "ChessBase"]
[SourceDate "2015.09.14"]
[SourceVersion "1"]
[SourceVersionDate "2015.09.14"]
[SourceQuality "1"]

1. d4 Nf6 2. c4 c5 3. Nf3 cxd4 4. Nxd4 e5 5. Nb5 d5 6. cxd5 Bc5 7. N5c3 0-0 8. g3 Qb6 9. e3 Bg4 10. Be2 Bxe2 11. Qxe2 e4 12. 0-0 Nbd7 13. Nd2 Rfe8 14. a3 Rac8 15. b4 Bd6 16. Bb2 a6 17. Rac1 Qd8 18. Nc4 Rxc4 19. Qxc4 Ne5 20. Qe2 Nf3+ 21. Kh1 Qe7 22. Nb1 Qd7 23. Kg2 Qg4 24. Rh1 Nh4+ 25. Kf1 Qh3+ 26. Ke1 Nf3+ 27. Kd1 Nxd5 28. Nd2 Qg2 29. Kc2 h5 30. Kb1 Be5 31. Nxf3 exf3 32. Qd2 Bxb2 33. Qxb2 Qh3 34. Rc5 Nb6 35. Rg5 g6 36. Rc1 Na4 37. Qb3 Qd7 38. Qd5 Qxd5 39. Rxd5 Re7 40. Kc2 Nb6 41. Rd4 Nd7 42. Kd2 Nf6 43. Rf4 Ng4 44. Rxf3 Nxh2 45. Rf4 Ng4 46. Ke2 Ne5 47. Rd4 Kg7 48. Rc5 Nc6 49. Rdd5 f6 50. Rd6 Ne5 51. a4 g5 52. b5 axb5 53. Rxb5 Rc7 54. f4 Nf7 55. Rd2 h4 56. gxh4 gxf4 57. exf4 Kh6 58. Kf3 Rc3+ 59. Ke4 Rc6 60. Rbd5 Kg6 61. h5+ Kg7 62. Rd7 Kf8 63. Kf5 Ke8 64. Kg6 f5+ 65. Kg7 b5 66. Rxf7 1-0

[Event "Dieren op"]
[Site "Dieren"]
[Date "2015.07.25"]
[Round "5"]
[White "Lecomte, Robin"]
[Black "Beeke, Bobby"]
[Result "1-0"]
[WhiteElo "2331"]
[BlackElo "2247"]
[PlyCount "63"]
[EventDate "2015.07.21"]
[EventType "swiss"]
[EventRounds "9"]
[EventCountry "NED"]
[SourceTitle "CBM 167 Extra"]
[Source "ChessBase"]
[SourceDate "2015.09.14"]
[SourceVersion "1"]
[SourceVersionDate "2015.09.14"]
[SourceQuality "1"]

1. e4 e5 2. Nf3 Nc6 3. Bb5 Nf6 4. 0-0 Nxe4 5. d4 Nd6 6. Bxc6 dxc6 7. dxe5 Nf5 8. Qxd8+ Kxd8 9. Nc3 Ke8 10. b3 Ne7 11. Bb2 Ng6 12. Ne4 a5 13. Ne1 Nf4 14. a4 h5 15. Nf3 Bb4 16. Nd4 h4 17. Rad1 Bd7 18. c3 Be7 19. Bc1 Ne6 20. Nf5 Bf8 21. g4 hxg3 22. fxg3 c5 23. c4 Ra6 24. Ng5 Nxg5 25. Bxg5 Rh5 26. h4 Rxg5 27. hxg5 Rg6 28. Ne3 Bh3 29. Rf4 c6 30. g4 Rxg5 31. Kh2 Rxe5 32. Rf3 1-0

[Event "Hilversum op"]
[Site "Hilversum"]
[Date "2015.06.20"]
[Round "4"]
[White "Ootes, Lars"]
[Black "Beeke, Bobby"]
[Result "1/2-1/2"]
[WhiteElo "2396"]
[BlackElo "2249"]
[PlyCount "115"]
[EventDate "2015.06.19"]
[EventType "swiss"]
[EventRounds "6"]
[EventCountry "NED"]
[SourceTitle "CBM 167 Extra"]
[Source "ChessBase"]
[SourceDate "2015.09.14"]
[SourceVersion "1"]
[SourceVersionDate "2015.09.14"]
[SourceQuality "1"]

1. e4 e5 2. Nf3 Nc6 3. Bb5 Nf6 4. d3 d6 5. Bxc6+ bxc6 6. h3 g6 7. Bg5 Bg7 8. Qd2 h6 9. Be3 c5 10. Nc3 Nd7 11. g4 Bb7 12. Rg1 Qe7 13. 0-0-0 0-0-0 14. Nd5 Bxd5 15. exd5 Nb6 16. c4 e4 17. Ne1 exd3 18. Qxd3 Rde8 19. Rd2 h5 20. Rc2 hxg4 21. hxg4 Rh3 22. Qf1 Reh8 23. Bd2 Na4 24. Ng2 Qe4 25. g5 Be5 26. Ne1 Kb7 27. Qg2 Qf5 28. Be3 R8h4 29. Qf1 Bd4 30. Ng2 Rg4 31. Bxd4 Rxd4 32. Ne3 Qf3 33. Qe1 Nb6 34. b3 Rdh4 35. Qd2 Rh1 36. Rd1 Qf4 37. Rxh1 Rxh1+ 38. Nd1 Qe5 39. Rc3 Rg1 40. f4 Qe4 41. Qf2 Rg2 42. Qe3 Qxe3+ 43. Rxe3 Rxa2 44. Re7 a5 45. Rxf7 a4 46. bxa4 Rxa4 47. Nb2 Ra1+ 48. Kc2 Rf1 49. Rf6 Rf2+ 50. Kc3 Rf3+ 51. Nd3 Re3 52. Rxg6 Re4 53. Nb2 Rxf4 54. Rg8 Rf3+ 55. Nd3 Nd7 56. Kd2 Rg3 57. Ke2 Rg4 58. Rg7 1/2-1/2

[Event "Maastricht Limburg op-A 9th"]
[Site "Maastricht"]
[Date "2015.05.25"]
[Round "7"]
[White "Jacobs, Florian"]
[Black "Beeke, Bobby"]
[Result "0-1"]
[WhiteElo "2177"]
[BlackElo "2250"]
[PlyCount "138"]
[EventDate "2015.05.22"]
[EventType "swiss"]
[EventRounds "7"]
[EventCountry "NED"]
[SourceTitle "CBM 166 Extra"]
[Source "ChessBase"]
[SourceDate "2015.06.18"]
[SourceVersion "1"]
[SourceVersionDate "2015.06.18"]
[SourceQuality "1"]

1. d4 d5 2. c4 c6 3. Nf3 Nf6 4. e3 Bg4 5. Qb3 Qb6 6. Nc3 e6 7. Nh4 Nbd7 8. h3 Bh5 9. g4 Bg6 10. Nxg6 hxg6 11. Bg2 Be7 12. Bd2 0-0 13. 0-0-0 Qxb3 14. axb3 Nb6 15. g5 Nh5 16. cxd5 cxd5 17. h4 Nc8 18. Be1 Nd6 19. f3 Rac8 20. Kb1 Nf5 21. Bf2 Bb4 22. Ne2 Rc7 23. e4 Ne7 24. Rc1 Rfc8 25. Rxc7 Rxc7 26. Rc1 Rxc1+ 27. Kxc1 Kf8 28. Be3 Be1 29. Nc3 Bxh4 30. Nb5 a6 31. Nd6 b5 32. Nb7 Bg3 33. Bf1 Bc7 34. Nc5 Ng3 35. Bd3 a5 36. Bxb5 Nc8 37. Bd7 Nd6 38. Bxe6 dxe4 39. fxe4 Ndxe4 40. Nxe4 Nxe4 41. Bd5 Ng3 42. Kc2 Nf5 43. Kd3 Nxe3 44. Kxe3 f5 45. Bc6 Ke7 46. Kf3 Bh2 47. d5 Be5 48. Bb5 Bxb2 49. Kg3 Bc3 50. Kh4 Be1+ 51. Kh3 Bb4 52. Kh4 Bd6 53. Ba4 Bc7 54. Bb5 Bd8 55. Kg3 Kd6 56. Be8 Kxd5 57. Bxg6 Ke5 58. Bf7 Bxg5 59. Kf3 Be7 60. Bc4 g5 61. Bd3 Bb4 62. Bc2 g4+ 63. Kg3 Be1+ 64. Kg2 f4 65. Bd1 f3+ 66. Kf1 Bh4 67. Bc2 Kf4 68. Bh7 Be7 69. Bg8 g3 0-1

[Event "Maastricht Limburg op-A 9th"]
[Site "Maastricht"]
[Date "2015.05.22"]
[Round "1"]
[White "De Jong, Jan Willem"]
[Black "Beeke, Bobby"]
[Result "1/2-1/2"]
[WhiteElo "2457"]
[BlackElo "2250"]
[PlyCount "47"]
[EventDate "2015.05.22"]
[EventType "swiss"]
[EventRounds "7"]
[EventCountry "NED"]
[SourceTitle "CBM 166 Extra"]
[Source "ChessBase"]
[SourceDate "2015.06.18"]
[SourceVersion "1"]
[SourceVersionDate "2015.06.18"]
[SourceQuality "1"]

1. d4 d5 2. c4 e6 3. Nc3 Be7 4. cxd5 exd5 5. Bf4 c6 6. e3 Bd6 7. Bxd6 Qxd6 8. Bd3 Ne7 9. Qc2 g6 10. Nf3 Bf5 11. 0-0 Nd7 12. b4 0-0 13. b5 Rfc8 14. Bxf5 Nxf5 15. Qd3 Nb6 16. e4 Ng7 17. Rfe1 Qa3 18. Ne5 dxe4 19. Nxe4 Qxd3 20. Nf6+ Kf8 21. Nxh7+ Kg8 22. Nf6+ Kf8 23. Nxd3 Nf5 24. bxc6 1/2-1/2

[Event "Vlissingen HZ op 18th"]
[Site "Vlissingen"]
[Date "2014.08.03"]
[Round "3"]
[White "Beeke, Bobby"]
[Black "Zelbel, Patrick"]
[Result "1/2-1/2"]
[WhiteElo "2243"]
[BlackElo "2410"]
[PlyCount "45"]
[EventDate "2014.08.02"]
[EventType "swiss"]
[EventRounds "9"]
[EventCountry "NED"]
[SourceTitle "CBM 161 Extra"]
[Source "ChessBase"]
[SourceDate "2014.08.29"]
[SourceVersion "1"]
[SourceVersionDate "2014.08.29"]
[SourceQuality "1"]

1. Nf3 g6 2. g3 Bg7 3. Bg2 Nf6 4. 0-0 0-0 5. c4 d6 6. Nc3 Nc6 7. Rb1 Bf5 8. d3 Qd7 9. Re1 a5 10. Bd2 h6 11. Nb5 e5 12. Bc3 Nd8 13. e4 Be6 14. a4 Ne8 15. Qd2 b6 16. b3 c6 17. Na3 c5 18. Nc2 Nc6 19. Ne3 Ne7 20. Kh1 Rb8 21. Ng1 f5 22. Nd5 fxe4 23. dxe4 1/2-1/2

[Event "Vlissingen HZ op 18th"]
[Site "Vlissingen"]
[Date "2014.08.02"]
[Round "1"]
[White "Beeke, Bobby"]
[Black "Van Baar, Esper"]
[Result "1-0"]
[WhiteElo "2243"]
[BlackElo "1807"]
[PlyCount "80"]
[EventDate "2014.08.02"]
[EventType "swiss"]
[EventRounds "9"]
[EventCountry "NED"]
[SourceTitle "CBM 161 Extra"]
[Source "ChessBase"]
[SourceDate "2014.08.29"]
[SourceVersion "1"]
[SourceVersionDate "2014.08.29"]
[SourceQuality "1"]

1. d4 Nf6 2. Nf3 d5 3. c4 e6 4. Nc3 Be7 5. cxd5 exd5 6. Bf4 0-0 7. Qc2 c6 8. e3 Bd6 9. Bg5 Nbd7 10. Bd3 Qa5 11. 0-0 h6 12. Bh4 c5 13. Bf5 c4 14. Nd2 Re8 15. b3 Bb4 16. Rfc1 Bxc3 17. Qxc3 Qxc3 18. Rxc3 Nb6 19. Bc2 Be6 20. bxc4 dxc4 21. Bxf6 gxf6 22. e4 Rac8 23. a4 Rc7 24. a5 Na8 25. d5 Bd7 26. Rxc4 Bb5 27. Rxc7 Nxc7 28. Ba4 Rc8 29. f3 Kf8 30. Kf2 Ke7 31. Ke3 Bxa4 32. Rxa4 Na6 33. Rc4 Rc5 34. Rxc5 Nxc5 35. Kd4 Na6 36. Nc4 Nb4 37. Ne3 h5 38. h4 Kd7 39. g4 hxg4 40. fxg4 Ke7 1-0

[Event "Amsterdam Science Park op-A"]
[Site "Amsterdam"]
[Date "2014.07.11"]
[Round "7"]
[White "Beeke, Bobby"]
[Black "Vereggen, Lars"]
[Result "1/2-1/2"]
[WhiteElo "2259"]
[BlackElo "2189"]
[PlyCount "78"]
[EventDate "2014.07.05"]
[EventType "swiss"]
[EventRounds "9"]
[EventCountry "NED"]
[SourceTitle "CBM 161 Extra"]
[Source "ChessBase"]
[SourceDate "2014.08.29"]
[SourceVersion "1"]
[SourceVersionDate "2014.08.29"]
[SourceQuality "1"]

1. d4 Nf6 2. c4 e6 3. Nc3 Bb4 4. Qc2 0-0 5. a3 Bxc3+ 6. Qxc3 b6 7. Bg5 Bb7 8. e3 d6 9. Ne2 Nbd7 10. Qc2 c5 11. Rd1 Qe7 12. Nc3 h6 13. Bh4 cxd4 14. Rxd4 Rfc8 15. Qd1 Ne5 16. f4 Ng6 17. Bxf6 Qxf6 18. Rxd6 Nh4 19. Kf2 Nf5 20. Rd7 Qh4+ 21. g3 Nxg3 22. Rxb7 Ne4+ 23. Kf3 Nxc3 24. Qc2 Qh5+ 25. Kg3 Nb5 26. Qd3 Nc7 27. Be2 Qc5 28. b4 Qf8 29. Qd7 Ne8 30. Bh5 Nd6 31. Rxa7 Rxa7 32. Qxa7 Nxc4 33. Rc1 g6 34. Qa6 b5 35. Bf3 Rb8 36. Qa7 Rd8 37. Rd1 Rxd1 38. Bxd1 Qd8 39. Be2 Qd2 1/2-1/2

[Event "Maastricht Limburg op-A 8th"]
[Site "Maastricht"]
[Date "2014.06.08"]
[Round "5"]
[White "Beeke, Bobby"]
[Black "Van Foreest, Lucas"]
[Result "1-0"]
[WhiteElo "2255"]
[BlackElo "2190"]
[PlyCount "79"]
[EventDate "2014.06.06"]
[EventType "swiss"]
[EventRounds "7"]
[EventCountry "NED"]
[SourceTitle "CBM 160 Extra"]
[Source "ChessBase"]
[SourceDate "2014.07.01"]
[SourceVersion "1"]
[SourceVersionDate "2014.07.01"]
[SourceQuality "1"]

1. Nf3 Nf6 2. c4 g6 3. Nc3 Bg7 4. e4 d6 5. d4 0-0 6. Be2 e5 7. 0-0 Nc6 8. d5 Ne7 9. b4 Nh5 10. g3 a5 11. bxa5 Rxa5 12. Nd2 Nf6 13. Nb3 Ra8 14. c5 dxc5 15. Nxc5 Ne8 16. a4 Nd6 17. Ba3 b6 18. Nb3 Bh3 19. Re1 Nec8 20. Bb4 Bd7 21. a5 bxa5 22. Rxa5 Rxa5 23. Nxa5 f5 24. Bf3 Qf6 25. Rf1 Rf7 26. Bg2 Bf8 27. exf5 gxf5 28. Nc6 Ne7 29. Na4 f4 30. Nd8 f3 31. Bh1 Bxa4 32. Qxa4 Nxd5 33. Nxf7 Nxf7 34. Bxf8 Nc3 35. Qg4+ Kxf8 36. Qb4+ Kg7 37. Qxc3 Ng5 38. h4 Nh3+ 39. Kh2 Ng1 40. Kxg1 1-0

[Event "Maastricht Limburg op-A 8th"]
[Site "Maastricht"]
[Date "2014.06.06"]
[Round "1"]
[White "Beeke, Bobby"]
[Black "Dambacher, Martijn"]
[Result "0-1"]
[WhiteElo "2255"]
[BlackElo "2491"]
[PlyCount "50"]
[EventDate "2014.06.06"]
[EventType "swiss"]
[EventRounds "7"]
[EventCountry "NED"]
[SourceTitle "CBM 160 Extra"]
[Source "ChessBase"]
[SourceDate "2014.07.01"]
[SourceVersion "1"]
[SourceVersionDate "2014.07.01"]
[SourceQuality "1"]

1. Nf3 Nf6 2. c4 e6 3. Nc3 d5 4. d4 Be7 5. Bg5 h6 6. Bh4 0-0 7. e3 b6 8. cxd5 Nxd5 9. Bxe7 Qxe7 10. Nxd5 exd5 11. Be2 Be6 12. 0-0 Nd7 13. Qa4 c5 14. Qa3 Rfe8 15. dxc5 bxc5 16. Rac1 Rab8 17. b3 Bf5 18. Rfe1 Qe6 19. Red1 Rec8 20. Qa5 Be4 21. Ne1 c4 22. Qxa7 Ra8 23. Qd4 Rxa2 24. bxc4 Rxe2 25. cxd5 Rxc1 0-1